The life you choose : (Record no. 169684)

MARC details
000 -LEADER
fixed length control field 00639nam a22001937a 4500
005 - DATE AND TIME OF LATEST TRANSACTION
control field 20191128173135.0
010 ## - LCCN (DPL NO)
LC control number B-731095
020 ## - INTERNATIONAL STANDARD BOOK NUMBER
Terms of availability 795.00
International Standard Book Number 9789382025290
035 ## - SYSTEM CONTROL NUMBER
System control number B-731095
037 ## - SOURCE OF ACQUISITION
Source of stock number/acquisition Pigeon Books
082 ## - DEWEY DECIMAL CLASSIFICATION NUMBER
Classification number 158.1
100 ## - MAIN ENTRY--PERSONAL NAME
Personal name Mittal, Sudhir
245 ## - TITLE STATEMENT
Title The life you choose :
Remainder of title now begins your sunrise... /
Statement of responsibility, etc by Sudhir Mittal,
260 ## - PUBLICATION, DISTRIBUTION, ETC. (IMPRINT)
Place of publication, distribution, etc New Delhi
Name of publisher, distributor, etc Pigeon Books India
Date of publication, distribution, etc 2016
270 ## - ADDRESS
Address 1-2/16, Ansari Road, Daryaganj
City New Delhi
Postal code 110002
300 ## - PHYSICAL DESCRIPTION
Extent 283p.
Dimensions 20cm(Hb)
Other physical details ill.
942 ## - ADDED ENTRY ELEMENTS (KOHA)
Source of classification or shelving scheme Dewey Decimal Classification
Item type English Books
Classification part 158.1
Call number suffix MIT
Holdings
Withdrawn status Lost status Not for loan Collection code Home library Current library Date acquired Source of acquisition Cost, normal purchase price Full call number Barcode Copy number Cost, replacement price Koha item type
      Non-fiction Central Library Central Library 28/11/2019 Gift/ Eng./13.11.2019 795.00 158.1 MIT B-731095 1 795.00 English Books

© Delhi Public Library
Hit Counter
free hit counter